000 00579nam a2200241Ia 4500
003 OSt
005 20220912152134.0
006 a|||||r|||| 00| 0
007 ta
008 220909b |||||||| |||| 00| 0 eng d
024 _a58835
037 _cTextual
040 _aCSL
_beng
_cCSL
041 _aeng
082 _aBj, 122F6.93
100 _aDieudonne M J
245 0 _aMemorial des science mathematiques
260 _c1926
300 _ap.
_ccm.
650 _aMathematics
942 _hBj, 122F6.93
_cTEXL
_2CC
999 _c81364
_d81364